000 01235nam a2200301 i 4500
001 136817
003 ES-MaACL
005 20240112171305.0
007 t|
008 070214s2011 sp co a00|10 spa d
020 _a978-84-15303-48-0
080 _a77 Gatti, Juan (083.824)
100 1 _aGatti, Juan (
_d1950-)
_9173146
245 1 0 _aJuan Gatti Photographics :
_b[exposición en la Sala Canal de Isabel II, Madrid, 24 de noviembre-19 de febrero 2012] /
_cJuan Gatti ; [comisario, Rafael Doctor Roncero ; patrocinador, Purificación García ; 1000 palabras, Luis Venegas].
246 3 _aPhotographics
260 _aMadrid :
_bLa Fábrica,
_c[2011]
300 _a[13] p., [263] p. de lám. col. y n. ;
_c32 cm.
546 _aTexto en español e inglés.
600 1 4 _aGatti, Juan (
_d1950)-
_vExposiciones.
_9173147
650 4 _aFotografía-
_yS.XX-
_vExposiciones.
_9173150
655 7 _2tgfbne
_9193628
_aCatálogos de exposiciones
700 1 _aDoctor Roncero, Rafael.
_944961
700 1 _aVenegas, Luis.
_9173148
710 2 _aSala Canal de Isabel II.
_9173149
852 4 _aES-MaACL
_jA-14702
_9141758
_bR.151969
_cDEPO1
_dOlim: N-7702
_hDonación: Editorial
942 _2udc
_cMONOGRAFIA
999 _c136817
_d136817